000 00333nam a22001337a 4500
999 _c54992
_d54992
008 200204b ||||| |||| 00| 0 eng d
041 _aeng
080 _2043.3
_a043.3
082 _a043.3
100 _a0
101 _aBTH
245 _aKujdesi Infermior te Pacientët me Infarkt Akut të Miokardit
_cKërleshi,H
942 _2udc
_cBK